000 00599 a2200217 4500
003 43689
005 20251007193246.0
008 251007b |||||||| |||| 00| 0 eng d
022 _a21414602
040 _cNile University of Nigeria , Abuja.
_erda
050 _aK 60 E30
082 _aK 60 E30
245 _aEBSU JOURNAL OF INTERNATIONAL LAW AND JURIDICAL REVIEW
250 _aVol.4,No.2, 2016
260 _aEbonyi State
_bHeirloom
_c2016
264 _aEbonyi State
_bHeirloom
_c2016
300 _bVII, 192 PG., 35 cm
336 _2rdacontent
338 _2rdacarrier
942 _2lcc
_cSERIAL
999 _c43670
_d43670